000 nam a22 a 4500
999 _c4336
_d4336
003 AKMAL
005 20170529091858.0
008 170529t1998 cc g 001 0 eng d
020 _a0717285588 (hbk.)
040 _aAKMAL
082 0 4 _a658.403 JUN
_222
090 0 0 _a658.403
_bJUN
100 1 _aJuniper, Dean
_98447
245 1 0 _aMaking Decision :
_b how to develop the skills that make good decisions /
_c[Dean Juniper]
250 _aDeluxe ed.
260 _aHong Kong :
_bGrolier Intl.Inc.,
_cc1998
300 _a164p. ;
_c24cm.
490 1 _aGrolier business library
504 _aIncludes bibliographical references and index
650 1 0 _aDecision-making
_96395
650 1 0 _aDecision-making
_vHandbooks, manuals, etc
_98448
830 0 _aGrolier business library
_98353
942 _2ddc
_cBOOK
950 _lAKMAL